000 00306nam a22001337a 4500
008 170529b xxu||||| |||| 00| 0 eng d
020 _a2900155012591
041 _aeng
080 _23RD
_a94
100 _a16
101 _aSHH
245 _aHUMAN EVOLUTION AND PREHISTORY
_cGAVILAND,W.A
942 _2udc
_cBK
999 _c14915
_d14915